000 00787nam a2200241 i 4500
001 35067
003 ES-MaACL
005 20250814015820.0
007 t|
008 030211s1936 fr ||||1| fre d
080 _a58
100 1 _aBonnier, Gaston.
_930279
245 1 0 _aCours de botanique /
_cpar Gaston Bonnier, Mathieu Leclerc du Sablon et Raoul Cerighelli ; avec 3810 figures inedits par J. Poinsot et A. Millot.
260 _aParís :
_b[s.n.,
_c1936] (
_eCorbeil :
_fCrété)
300 _a2 v. :
_bil. ;
_c23 cm.
650 7 _aBotánica
_2embne
_910610
700 1 _aLeclerc du Sablon, Mathieu.
_971090
700 1 _aCerighelli, Raoul.
_937521
700 1 _aPoinsot, J.
_992755
700 1 _aMillot, A.
_981267
852 4 _aES-MaACL
_jB-9132-33
999 _c35067
_d35067